书目信息 |
| 题名: |
药用高分子材料学
|
|
| 作者: | 方亮 主编 | |
| 分册: | ||
| 出版信息: | 北京 中国医药科技出版社 2015.8 |
|
| 页数: | 206页 | |
| 开本: | 26cm | |
| 丛书名: | ||
| 单 册: | ||
| 中图分类: | TQ460.4 | |
| 科图分类: | ||
| 主题词: | ||
| 电子资源: | ||
| ISBN: | 978-7-5067-7419-2 | |
| 000 | 00903nam0 2200253 450 | |
| 001 | 0400001946 | |
| 005 | 20171026083625.93 | |
| 010 | @a978-7-5067-7419-2@dCNY32.00 | |
| 100 | @a20151101e20172015em y0chiy50 ea | |
| 101 | 0 | @achi |
| 102 | @aCN@b110000 | |
| 105 | @aa z 001yy | |
| 106 | @ar | |
| 200 | 1 | @a药用高分子材料学@9yao yong gao fen zi cai liao xue@f方亮主编 |
| 205 | @a第4版 | |
| 210 | @a北京@c中国医药科技出版社@d2015.8@h2017.1 | |
| 215 | @a206页@c图@d26cm | |
| 300 | @a普通高等教育“十一五”国家级规划教材 全国高等医药院校药学类第四轮规划教材 供药学类及相关专业用 | |
| 330 | @a本书共分五章,内容包括:绪论;高分子的结构与合成;高分子材料的性质;药用天然高分子材料;药用合成高分子材料等。 | |
| 610 | 0 | @a制剂辅料(医药)@x高分子材料@x医学院校@j教材 |
| 690 | @aTQ460.4@v5 | |
| 701 | 0 | @a方亮@9fang liang@4主编 |
| 801 | 0 | @aCN@b91MARC@c20171019 |
| 905 | @b1031055-9@dTQ460.4@f5@e66=4 | |
| 药用高分子材料学/方亮主编.-第4版.-北京:中国医药科技出版社,2015.8(2017.1) |
| 206页:图;26cm |
| 普通高等教育“十一五”国家级规划教材 全国高等医药院校药学类第四轮规划教材 供药学类及相关专业用 |
| ISBN 978-7-5067-7419-2:CNY32.00 |
| 本书共分五章,内容包括:绪论;高分子的结构与合成;高分子材料的性质;药用天然高分子材料;药用合成高分子材料等。 |
| ● |
| 相关链接 |
|
|
|
|
正题名:药用高分子材料学
索取号:TQ460.4/66=4
 
预约/预借
| 序号 | 登录号 | 条形码 | 馆藏地/架位号 | 状态 | 备注 |
| 1 | 1031055 | 210310554 | 第二样本阅览室/ [索取号:TQ460.4/66=4] | 在馆 | |
| 2 | 1031056 | 210310563 | 密集书库-化学系/ [索取号:TQ460.4/66=4] | 在馆 | |
| 3 | 1031057 | 210310572 | 第三借阅区/ [索取号:TQ460.4/66=4] | 在馆 | |
| 4 | 1031058 | 210310581 | 第三借阅区/ [索取号:TQ460.4/66=4] | 在馆 | |
| 5 | 1031059 | 210310590 | 第三借阅区/ [索取号:TQ460.4/66=4] | 在馆 |